Statistics for The Office Quiz

Click here to take the quiz!

General Stats

  • This quiz has been taken 1,301 times
  • The average score is 9 of 15

Answer Stats

Hint Answer % Correct
Who is the father of Angela's baby?Dwight
98%
Who is Dwights best man?Michael
89%
Where do Michael and Holly move together?colorado
83%
What sexually transmitted disease does Michael think he has?herpes
77%
How old was Dwight when he was shunned?4
73%
How many siblings (brothers and sisters) does Dwight have?2
73%
What is Erin's real name?Kelly
73%
What does Andy get tattooed on his butt?nard dog
63%
What is the name of the company Jim and his buddies start?athlead
61%
Who was the first person to get lice?Cece
60%
What dundie does Pam get in season 2?whitest sneakers
59%
Who does Erin start dating in season 9?pete
59%
How many cousins does dwight tell Deangelo he has?70
16%
Why was he shunned?he didn't save the excess oil from a can of tuna
10%
Why does Michael say he know what its like to have your butt kissed?his mom accidentally kissed his butt
5%

Score Distribution

Percentile by Number Answered

Percent of People with Each Score

Your Score History

You have not taken this quiz